Normal view
MARC view
Entry Personal Name
001 - CONTROL NUMBER
- control field: 236737
003 - CONTROL NUMBER IDENTIFIER
- control field: OSt
005 - DATE AND TIME OF LATEST TRANSACTION
- control field: 20250821092852.0
008 - FIXED-LENGTH DATA ELEMENTS
- fixed length control field: 250821|| aca||aabn | a|a d
040 ## - CATALOGING SOURCE
- Original cataloging agency: OSt
- Transcribing agency: OSt
100 ## - HEADING--PERSONAL NAME
- Personal name: NAGAVENI (H)
- Dates associated with a name: ನಾಗವೇಣಿ (ಎಚ್ )
670 ## - SOURCE DATA FOUND
- Source citation: Work cat.: (OSt)107059: NAGAVENI (H) ನಾಗವೇಣಿ (ಎಚ್ ), Miyuva ata., 2005